000 00606nam a2200241Ia 4500
003 OSt
005 20220918191057.0
006 a|||||r|||| 00| 0
007 ta
008 220917b |||||||| |||| 00| 0 eng d
024 _a61,327
037 _cTextual
040 _aARTS
_cARTS
_beng
041 _2eng
_aeng
082 _aQ6.6, G6 (906)
100 _aEvans Stanley G
_974840
245 0 _aChristians and Africa
260 _c1936
490 _aMagnifact publications; 19
650 _aRELIGION
942 _hQ6.6, G6 (906)
_cTEXL
_2CC
999 _c188189
_d188189